000 00585nam a2200193Ia 4500
005 20250508154523.0
008 008 250505s9999 xx 000 0 eng d
037 _aTextual
040 _aFEDL
_beng
_cFEDL
041 _aeng
_2eng
084 _a021.4, RUF
_qFEDL
100 _aRufsvold Margaret I
245 0 _aAudio-visual school library service: A handbook for librarians
260 _aChicago
_bAmerican Library Association
_c1949
300 _avii,116p.
650 _aRelationships of Library
_9756248
942 _cTEXL
_h021.4, RUF
999 _c1350743
_d1350743